[Event "Le Mans op"]
[Site "Le Mans "]
[Date "2001.12.30"]
[Round "7"]
[White "Point, Emilie"]
[Black "Cloud, Philippe"]
[Result "0-1"]
[WhiteElo "1500"]
[BlackElo "1720"]
[PlyCount "60"]
[EventDate "2001.12.26"]
[EventType "swiss"]
[EventRounds "9"]
[EventCountry "FRA"]
[SourceTitle "EXT 2008"]
[Source "ChessBase"]
[SourceDate "2007.11.25"]
[SourceVersion "1"]
[SourceVersionDate "2007.11.25"]
[SourceQuality "1"]

1. e4 d6 2. d4 Nf6 3. Nc3 g6 4. Be3 Bg7 5. Nf3 0-0 6. Bc4 Nbd7 7. Qd2 c5 8. 0-0-0 Nb6 9. Bd3 Ng4 10. Be2 Nxe3 11. Qxe3 Qc7 12. Nb5 Qc6 13. e5 Nd5 14. Qe4 Bh6+ 15. Nd2 Bf5 16. Qh4 Kg7 17. Bf3 Qxb5 18. Bxd5 Qa4 19. Bb3 Qxd4 20. Qxe7 dxe5 21. f3 c4 22. g4 cxb3 23. axb3 Bxc2 24. Kxc2 Rac8+ 25. Nc4 Qf2+ 26. Kb1 Bf4 27. Qxb7 Rb8 28. Qd5 Rxb3 29. Nd2 Rb4 30. g5 Rfb8 0-1

[Event "Le Mans op"]
[Site "Le Mans "]
[Date "2001.12.27"]
[Round "3"]
[White "Cloud, Philippe"]
[Black "Lelievre, Louis"]
[Result "1-0"]
[WhiteElo "1720"]
[BlackElo "1500"]
[PlyCount "103"]
[EventDate "2001.12.26"]
[EventType "swiss"]
[EventRounds "9"]
[EventCountry "FRA"]
[SourceTitle "EXT 2008"]
[Source "ChessBase"]
[SourceDate "2007.11.25"]
[SourceVersion "1"]
[SourceVersionDate "2007.11.25"]
[SourceQuality "1"]

1. c4 c5 2. Nc3 Nc6 3. Nf3 g6 4. g3 Nf6 5. Bg2 Bg7 6. 0-0 0-0 7. Rb1 d6 8. a3 a5 9. d3 e5 10. Bd2 Re8 11. Ng5 h6 12. Nge4 Nxe4 13. Bxe4 f5 14. Bg2 Be6 15. f4 Qd7 16. Nd5 Ra6 17. Bc3 Ne7 18. fxe5 dxe5 19. e4 Rf8 20. b4 axb4 21. axb4 cxb4 22. Bxb4 Bxd5 23. cxd5 f4 24. Qb3 Kh7 25. Bc3 Ra7 26. gxf4 exf4 27. d4 Qg4 28. Rf3 Qd7 29. Qb6 Nc8 30. Qe6 Qxe6 31. dxe6 g5 32. Bh3 Ne7 33. e5 h5 34. Bf1 g4 35. Bd3+ Kh8 36. Rff1 Bh6 37. Bb4 Bg5 38. Be4 b6 39. d5 f3 40. d6 Ng8 41. d7 Rd8 42. Be1 Ne7 43. Bf2 Ra2 44. Rxb6 Bf4 45. Rb5 h4 46. Kh1 g3 47. hxg3 hxg3 48. Bxg3 Bxg3 49. Rxf3 Rg8 50. Rxg3 Rxg3 51. d8Q+ Ng8 52. Qh4+ 1-0